000 01368nam a2200349 a 4500
001 ebr10676648
003 CaPaEBR
006 m u
007 cr cn|||||||||
008 110801s2012 nyuabd sb 001 0 eng d
010 _z 2011028141
020 _z9781614708339 (hardcover)
020 _z9781614709046 (e-book)
040 _aCaPaEBR
_cCaPaEBR
035 _a(OCoLC)828868939
050 1 4 _aQL737.R6
_bR628 2012eb
082 0 4 _a599.35
_223
245 0 0 _aRodents
_h[electronic resource] :
_bhabitat, pathology and environmental impact /
_cAlfeo Triunveri and Desi Scalise, editors.
260 _aHauppauge, N.Y. :
_bNova Science,
_c2012.
300 _axi, 194 p. :
_bill., maps.
490 1 _aAnimal science, issues, and professions
504 _aIncludes bibliographical references and index.
533 _aElectronic reproduction.
_bPalo Alto, Calif. :
_cebrary,
_d2013.
_nAvailable via World Wide Web.
_nAccess may be limited to ebrary affiliated libraries.
650 0 _aRodents.
650 0 _aRodents
_xEcology.
655 7 _aElectronic books.
_2local
700 1 _aTriunveri, Alfeo.
700 1 _aScalise, Desi.
710 2 _aebrary, Inc.
830 0 _aAnimal science, issues, and professions series.
856 4 0 _uhttp://site.ebrary.com/lib/rucke/Doc?id=10676648
_zAn electronic book accessible through the World Wide Web; click to view
999 _c58429
_d58429